Business Competencies of Non-economists Students in Conditions of Slovakian Universities

Gespeichert in:
Bibliographische Detailangaben
1. Verfasser: Čulková, Katarína
Weitere Verfasser: Hrehová, Daniela, Janošková, Mária, 1965-
Format: Buchkapitel
Sprache:Englisch
Tags: Tag hinzufügen
Keine Tags, Fügen Sie das erste Tag hinzu!

MARC

LEADER 00000naa$a2200000$$$4500
001 0306136
005 20250326082048.6
041 0 |a eng 
044 |a SK 
245 1 0 |a Business Competencies of Non-economists Students in Conditions of Slovakian Universities  |c Katarína Čulková, Daniela Hrehová, Mária Janošková 
100 1 |a Čulková, Katarína 
700 1 |a Hrehová, Daniela 
700 1 |a Janošková, Mária, 1965-